banner-ar

المتغيرات الاقتصادية الدولية وانعكاساته على اقتصادات منطقة الشرق الاوسط / (Record no. 52294)

MARC details
000 -الفاتح
حقل البيانات ثابتة الطول 00746nam a2200205Ia 4500
008 - عناصر البيانات ثابتة الطول - معلومات عامة
حقل البيانات ثابتة الطول 140319s9999 xx 000 0 ara d
040 ## - مصدر الفهرسة
وكالة الفهرسة الأصلية GCL /
وكالة النسخ GCL
082 04 - رقم تصنيف ديوى العشرى
رقم التصنيف 330.12
رقم المادة م م
100 1# - المدخل الرئيسى - إسم شخصى
الإسم الشخصى محيى الدين احمد حسين
245 10 - بيان العنوان
العنوان المتغيرات الاقتصادية الدولية وانعكاساته على اقتصادات منطقة الشرق الاوسط /
بيان المسئوليه,etc محيى الدين احمد حسين
700 1# - المدخل الاضافى - اسم شخصى
الإسم الشخصى مجاهد عبدالمنعم مجاهد
700 1# - المدخل الاضافى - اسم شخصى
الإسم الشخصى مجذاب بدر عناد
300 ## - الوصف المادى
التعداد 804 ص
490 ## - بيان السلسلة
عنوان السلسلة
650 04 - المدخل الاضافى بالموضوع-مصطلح موضوعى
مصطلح موضوعي الاقتصاد الدولى
650 04 - المدخل الاضافى بالموضوع-مصطلح موضوعى
مصطلح موضوعي النظم الاقتصادية
650 04 - المدخل الاضافى بالموضوع-مصطلح موضوعى
مصطلح موضوعي الشرق الاوسط - الاقتصاد
942 ## - عناصر المدخل الإضافي( كوها)
مصدر التصنيف او مخطط الترفيف Dewey Decimal Classification
Koha [default] item type كتاب
Holdings
حالة التراجع حالة الفقد حالة تلف ليس للاعارة المكان المؤقت الموقع الحالى تاريخ الاكتساب اجمالي اﻻعارات رقم الطلب الباركود تاريخ اخر مشاهدة تاريخ تفعيل السعر نوع وعاء كوها
        مكتبة القاهرة الكبرى مكتبة القاهرة الكبرى 03/26/2014   330.12\م م 125151 03/26/2014 03/26/2014 كتاب

Powered By

EGPV